000 00645nam a2200193Ii 4500
003 JO-AjNU
008 230605s9999||||xx |||||||||||||| ||und||
040 _aJO-AjNU
_bara
_erda
_cJO-AjNU
041 _aara
050 1 4 _aQD275.H3788
100 3 _aالحسن ، محمد بن ابراهيم,
_eauthor
_918280
245 0 0 _aتجارب عملية في الكيمياء العضوية
264 3 1 _aالرياض:مكتبة الخريجي ، 1900
300 _a101ص
336 _atext
_btxt
_2rdacontent
337 _aunmediated
_bn
_2rdamedia
338 _avolume
_bnc
_2rdacarrier
650 4 _aالكيمياء العضويه -تجارب
_918281
999 _aA5815
_c9383
_d9383